[Event "XVII Open B"]
[Site "Crema ITA"]
[Date "2016.09.03"]
[Round "3"]
[White "De Palma, Fabrizio"]
[Black "Tagliaferri, Valerio"]
[WhiteElo "1994"]
[BlackElo "1785"]
[Result "1-0"]
[PlyCount "69"]
[EventDate "2016.09.02"]

1. e4 b6 2. d4 Bb7 3. Bd3 Nf6 4. Qe2 Nc6 5. c3 e5 6. d5 Nb8 7. Nf3 d6 8. Bb5+
Nbd7 9. a4 Be7 10. a5 a6 11. Bxd7+ Nxd7 12. Be3 Nf6 13. Nfd2 Bc8 14. f3 b5 15.
O-O O-O 16. Na3 Rb8 17. Nc2 Bd7 18. Nb4 Qc8 19. Rfd1 Qb7 20. Nf1 Nh5 21. g4 Nf4
22. Bxf4 exf4 23. Nd2 Bf6 24. Nb3 Rbc8 25. Qf2 Rfe8 26. h4 Be5 27. Nd4 Qa7 28.
Ne2 Qxf2+ 29. Kxf2 Ra8 30. Nd3 Rad8 31. Nexf4 Re7 32. Nxe5 Rxe5 33. Nd3 Re7 34.
Nb4 Bc8 35. Nc6 1-0

[Event "XVII Open B"]
[Site "Crema ITA"]
[Date "2016.09.03"]
[Round "3"]
[White "Magnani, Carlo"]
[Black "Pinna, Ferdinando"]
[WhiteElo "1774"]
[BlackElo "1894"]
[Result "1-0"]
[PlyCount "71"]
[EventDate "2016.09.02"]

1. e4 e5 2. Nf3 Nc6 3. d4 exd4 4. Nxd4 Nf6 5. Nxc6 bxc6 6. Bd3 Bc5 7. O-O O-O
8. Bg5 Qe7 9. Nd2 d6 10. Nb3 Bb6 11. Qf3 a5 12. c3 Qe5 13. Bxf6 Qxf6 14. Qxf6
gxf6 15. Nd4 Bxd4 16. cxd4 Rb8 17. b3 Rb4 18. Bc4 Bd7 19. Rfe1 Re8 20. Rad1 Kf8
21. Kf1 d5 22. exd5 cxd5 23. Rxe8+ Kxe8 24. Bxd5 Rb5 25. Be4 Rh5 26. h3 Ke7 27.
Ke2 Kd6 28. Rc1 Rh4 29. Ke3 f5 30. Bf3 f4+ 31. Kd3 Rh6 32. Rc5 a4 33. bxa4 Bxa4
34. Ra5 Bd7 35. Ra6+ c6 36. d5 1-0

[Event "XVII Open B"]
[Site "Crema ITA"]
[Date "2016.09.03"]
[Round "3"]
[White "Mapelli, Davide"]
[Black "Lussetti, Jacopo"]
[WhiteElo "1735"]
[BlackElo "1632"]
[Result "1-0"]
[PlyCount "33"]
[EventDate "2016.09.02"]

1. e4 e5 2. Nc3 Nc6 3. Bc4 Nf6 4. d3 Bc5 5. f4 d6 6. Nf3 Ng4 7. Ng5 O-O 8. f5
Bf2+ 9. Kf1 Ne3+ 10. Bxe3 Bxe3 11. h4 Na5 12. Qh5 Bxg5 13. hxg5 h6 14. gxh6 Qf6
15. hxg7 Qxg7 16. Nd5 Rd8 17. f6 1-0

[Event "XVII Open B"]
[Site "Crema ITA"]
[Date "2016.09.03"]
[Round "3"]
[White "Oteri, Aldo"]
[Black "Simeone, Giulio Maria"]
[WhiteElo "1803"]
[BlackElo "1641"]
[Result "0-1"]
[PlyCount "77"]
[EventDate "2016.09.02"]

1. e4 e5 2. Nf3 Nc6 3. Bb5 a6 4. Ba4 Nf6 5. d4 Nxd4 6. Nxd4 exd4 7. Qxd4 Be7 8.
e5 c5 9. Qd1 Ne4 10. O-O Qc7 11. Qd5 Ng5 12. f4 Ne6 13. f5 Nd4 14. f6 gxf6 15.
exf6 Bd6 16. Re1+ Ne6 17. Bf4 Bxf4 18. Rxe6+ Kd8 19. Re7 Bxh2+ 20. Kh1 Qd6 21.
Nc3 Qxd5 22. Nxd5 Bd6 23. c4 b5 24. cxb5 Bb7 25. bxa6 Bc6 26. Bxc6 dxc6 27. Nb6
Bxe7 28. fxe7+ Kxe7 29. Nxa8 Rxa8 30. Rc1 Rxa6 31. a3 Kd6 32. Kh2 Rb6 33. Rc2
Rb3 34. g3 f5 35. Kg2 Kd5 36. Kf2 c4 37. Rc3 Rxb2+ 38. Ke3 Rb3 39. Kd2 0-1

[Event "XVII Open B"]
[Site "Crema ITA"]
[Date "2016.09.03"]
[Round "3"]
[White "Paniga, Danilo"]
[Black "Marzatico, Luca"]
[WhiteElo "1764"]
[BlackElo "1802"]
[Result "0-1"]
[PlyCount "68"]
[EventDate "2016.09.02"]

1. Nf3 d5 2. g3 c5 3. Bg2 Nf6 4. O-O Nc6 5. b3 e5 6. Bb2 Bd6 7. d3 O-O 8. Nbd2
Bg4 9. c4 d4 10. Ng5 h6 11. Nge4 Nxe4 12. Nxe4 f5 13. Nxd6 Qxd6 14. f4 Rae8 15.
fxe5 Qxe5 16. Bf3 Bxf3 17. exf3 Qe3+ 18. Kg2 Ne5 19. f4 Nxd3 20. Ba3 b6 21. Rf3
Ne1+ 22. Qxe1 Qxe1 23. Rxe1 Rxe1 24. b4 cxb4 25. Bxb4 Re2+ 26. Rf2 Rxf2+ 27.
Kxf2 Rc8 28. Ke2 Rxc4 29. a3 Rc2+ 30. Bd2 Kf7 31. Kd3 Rxd2+ 32. Kxd2 Ke6 33.
Kd3 Kd5 34. h3 h5 0-1

[Event "XVII Open B"]
[Site "Crema ITA"]
[Date "2016.09.03"]
[Round "3"]
[White "Peloni, Davide"]
[Black "Acunzo, Domenico"]
[WhiteElo "1587"]
[BlackElo "1730"]
[Result "1-0"]
[PlyCount "71"]
[EventDate "2016.09.02"]

1. e4 e6 2. d4 d5 3. Nc3 Bb4 4. Bd2 Ne7 5. e5 Nbc6 6. Nf3 Nf5 7. Bf4 h6 8. h3
Bd7 9. Be2 Ba5 10. Qd2 Qe7 11. a3 a6 12. O-O Bb6 13. Be3 Nxe3 14. Qxe3 O-O-O
15. b4 Nb8 16. b5 a5 17. Na4 Rdg8 18. c4 dxc4 19. Nxb6+ cxb6 20. Bxc4 f5 21.
Rfc1 Kd8 22. d5 Qc5 23. Qxc5 bxc5 24. dxe6 Bc8 25. e7+ Kxe7 26. Bxg8 Rxg8 27.
Rxc5 b6 28. Rc7+ Ke6 29. Rd1 Bd7 30. Rd6+ Ke7 31. Nd4 Kd8 32. Rc1 Ke7 33. Rxb6
g5 34. e6 Rc8 35. Rxc8 Bxc8 36. Rxb8 1-0

[Event "XVII Open B"]
[Site "Crema ITA"]
[Date "2016.09.03"]
[Round "3"]
[White "Persico, Lorenzo"]
[Black "Vargiu, Antonio"]
[WhiteElo "1573"]
[BlackElo "1654"]
[Result "0-1"]
[PlyCount "88"]
[EventDate "2016.09.02"]

1. e4 e6 2. d4 d5 3. exd5 exd5 4. Nf3 Bd6 5. Be3 Ne7 6. g3 Bg4 7. Bg2 Nbc6 8.
Nc3 Qd7 9. O-O a6 10. a4 O-O 11. Qd3 Bf5 12. Qd2 Rad8 13. Ne2 b6 14. c3 Na5 15.
Qc1 Nb3 16. Qd1 Nxa1 17. Qxa1 Bg6 18. a5 Qb5 19. Nf4 Be4 20. axb6 Qxb6 21. Qa2
Ra8 22. b4 c6 23. Qd2 a5 24. bxa5 Rxa5 25. Nh5 Nf5 26. Ne5 Bxe5 27. dxe5 Nxe3
28. fxe3 Rb5 29. Bxe4 dxe4 30. Qf2 Rxe5 31. Nxg7 c5 32. Qf4 f6 33. Nf5 Qa7 34.
Qg4+ Kh8 35. Nh6 Qg7 36. Qf4 Qg5 37. Qxg5 Rxg5 38. Rf5 Rxf5 39. Nxf5 Rd8 40.
Kf1 Rd2 41. h4 Rc2 42. Nd6 Rxc3 43. Nxe4 Rxe3 44. Nxf6 Rf3+ 0-1

[Event "XVII Open B"]
[Site "Crema ITA"]
[Date "2016.09.03"]
[Round "3"]
[White "Piana, Bruno"]
[Black "Scarpellini, Felice"]
[WhiteElo "1563"]
[BlackElo "1652"]
[Result "0-1"]
[PlyCount "77"]
[EventDate "2016.09.02"]

1. e4 c5 2. Nf3 e6 3. d4 cxd4 4. Nxd4 a6 5. Nc3 Qc7 6. Bd3 Nf6 7. O-O Be7 8.
Be3 O-O 9. f4 d6 10. a4 Nbd7 11. Nb3 b6 12. Qe2 Bb7 13. Rae1 Nc5 14. Bd2 Nxd3
15. cxd3 Rac8 16. Rc1 Qb8 17. f5 e5 18. Be3 Ba8 19. Nd2 b5 20. a5 Rfd8 21. Bb6
Rd7 22. Nb3 Bd8 23. Bf2 Qb7 24. g4 Qb8 25. g5 Ne8 26. Qg4 f6 27. Qh5 Bc7 28.
Kh1 fxg5 29. Qxg5 Nf6 30. Qg1 Rf8 31. Bh4 Qd8 32. Qe3 Qe8 33. Bg5 Kh8 34. Qe2
Qf7 35. Bxf6 Qxf6 36. Ra1 Rff7 37. Nd2 Qg5 38. Nd5 Bxd5 39. exd5 0-1

[Event "XVII Open B"]
[Site "Crema ITA"]
[Date "2016.09.03"]
[Round "3"]
[White "Pisani, Valerio"]
[Black "Haller, Quentin"]
[WhiteElo "1710"]
[BlackElo "1561"]
[Result "1/2-1/2"]
[PlyCount "142"]
[EventDate "2016.09.02"]

1. e4 Nc6 2. d4 d5 3. e5 Bf5 4. Nf3 e6 5. Be2 Nge7 6. Bg5 Qd7 7. c3 Nc8 8. Nbd2
Be7 9. Be3 Nb6 10. O-O O-O 11. b4 a5 12. b5 Na7 13. a4 c6 14. Qb3 Rab8 15. Rfc1
Rfc8 16. h3 c5 17. g4 Bg6 18. h4 h6 19. g5 h5 20. Nh2 cxd4 21. Bxd4 Bc5 22. Qd1
Bf5 23. Bxh5 g6 24. Bg4 Bxd4 25. cxd4 Rxc1 26. Rxc1 Rc8 27. Rc5 Qe7 28. Bxf5
exf5 29. Rxc8+ Naxc8 30. Qb3 Qc7 31. Nhf3 Ne7 32. Kf1 Kf8 33. Ne1 Qc1 34. Ke2
Qa1 35. Nc2 Qxa4 36. Qxa4 Nxa4 37. Kd3 Nb6 38. Nb3 Nc4 39. Kc3 b6 40. Nd2 Nxd2
41. Kxd2 Ke8 42. f4 Kd7 43. Kc3 Ke8 44. Kb3 Kf8 45. Ka4 Kg7 46. Na1 Kf8 47. Nb3
Ke8 48. Nxa5 bxa5 49. Kxa5 Kd7 50. Kb6 Kc8 51. Kc5 Kc7 52. b6+ Kb7 53. Kd6 Nc8+
54. Kxd5 Kxb6 55. e6 fxe6+ 56. Kxe6 Kc7 57. Kf6 Kd6 58. Kxg6 Ne7+ 59. Kf6 Nd5+
60. Kxf5 Ke7 61. h5 Kf7 62. Ke4 Ne7 63. f5 Nc6 64. h6 Nd8 65. g6+ Kf6 66. h7
Kg7 67. f6+ Kh8 68. Kd5 Ne6 69. f7 Nf8 70. Ke5 Nxg6+ 71. Kf6 Kxh7 1/2-1/2

[Event "XVII Open B"]
[Site "Crema ITA"]
[Date "2016.09.03"]
[Round "3"]
[White "Raimondi, Celso"]
[Black "Esposito, Giuseppe"]
[WhiteElo "1623"]
[BlackElo "1757"]
[Result "0-1"]
[PlyCount "78"]
[EventDate "2016.09.02"]

1. d4 Nf6 2. c4 c5 3. d5 b5 4. cxb5 a6 5. b6 d6 6. a4 Qxb6 7. a5 Qb4+ 8. Nc3
Bf5 9. Ra4 Qb7 10. e4 Bd7 11. Ra2 Qb4 12. Bd2 Nxe4 13. Bd3 Nxd2 14. Qxd2 e6 15.
dxe6 Bxe6 16. Ra4 Qb7 17. Be4 Nc6 18. Nf3 Rd8 19. Nd5 Qd7 20. O-O Bxd5 21. Qxd5
Nb4 22. Qb3 d5 23. Rd1 c4 24. Qa3 Qb5 25. Bb1 Nd3 26. b4 Bxb4 27. Qa1 O-O 28.
Nd4 Qc5 29. Bxd3 cxd3 30. Rxb4 Qxb4 31. Nc6 Qb5 32. Nxd8 Rxd8 33. Qc3 g6 34. g3
d4 35. Qc7 Rd5 36. Qb6 Qxa5 37. Rb1 Qxb6 38. Rxb6 d2 39. Rb1 Rb5 0-1

[Event "XVII Open B"]
[Site "Crema ITA"]
[Date "2016.09.03"]
[Round "3"]
[White "Silini, Bruno"]
[Black "Maraschi, Alberto"]
[WhiteElo "1572"]
[BlackElo "1311"]
[Result "1-0"]
[PlyCount "69"]
[EventDate "2016.09.02"]

1. e4 c6 2. c4 d5 3. d4 dxe4 4. Nc3 Nf6 5. Qc2 Qxd4 6. Be3 Qd8 7. Nxe4 Bf5 8.
Nxf6+ exf6 9. Qxf5 Bb4+ 10. Ke2 O-O 11. a3 Be7 12. Qd3 Qc7 13. g3 Nd7 14. Nf3
Rfe8 15. Bh3 Rad8 16. Bxd7 Rxd7 17. Qc3 Bd8 18. Kf1 b6 19. Kg2 c5 20. Rhd1 Rde7
21. Rd5 Qb7 22. Rad1 Bc7 23. Kg1 h6 24. Nh4 Qc8 25. Qd2 g5 26. Nf5 Re4 27. Nd6
Bxd6 28. Rxd6 Qf5 29. Qd3 Kg7 30. Rd7 h5 31. Qe2 Kg6 32. Rxa7 Qe6 33. Rdd7 Rxc4
34. Qd3+ f5 35. Ra6 1-0

[Event "XVII Open B"]
[Site "Crema ITA"]
[Date "2016.09.03"]
[Round "3"]
[White "Sparber, Werner"]
[Black "Galli, Fabrizio"]
[WhiteElo "1785"]
[BlackElo "1435"]
[Result "1-0"]
[PlyCount "68"]
[EventDate "2016.09.02"]

1. d4 d5 2. c4 Nf6 3. Nc3 e6 4. Nf3 Be7 5. e3 O-O 6. Bd3 dxc4 7. Bxc4 a6 8. O-O
Nbd7 9. Bd3 b5 10. a3 Bb7 11. e4 c5 12. e5 Nd5 13. Re1 c4 14. Bb1 f5 15. exf6
Bxf6 16. Ne4 Qe7 17. Neg5 Bxg5 18. Nxg5 g6 19. Rxe6 Qg7 20. Qc2 Ne7 21. Qe2 Nf5
22. Bxf5 Rxf5 23. Re7 Qf6 24. Nxh7 Qc6 25. f3 Nf8 26. Nxf8 Raxf8 27. Bh6 Rd8
28. Rd1 Rf7 29. Rxf7 Kxf7 30. Qe5 Qf6 31. Qc7+ Qe7 32. Qxe7+ Kxe7 33. Bg5+ Kd7
34. Bxd8 Kxd8 1-0

[Event "XVII Open B"]
[Site "Crema ITA"]
[Date "2016.09.03"]
[Round "3"]
[White "Tedoldi, Guido"]
[Black "Forti, Francesco"]
[WhiteElo "1526"]
[BlackElo "1704"]
[Result "0-1"]
[PlyCount "84"]
[EventDate "2016.09.02"]

1. c4 g6 2. d4 c5 3. Nc3 Nf6 4. d5 e6 5. e4 exd5 6. cxd5 d6 7. Bg5 Bg7 8. Nf3
Bg4 9. h3 Bxf3 10. Qxf3 O-O 11. Bc4 Re8 12. O-O a6 13. Rfe1 b5 14. Bd3 Nbd7 15.
Bf4 Ne5 16. Bxe5 Rxe5 17. Rac1 Qb6 18. b3 Re7 19. Ne2 Rc8 20. Ng3 Rec7 21. h4
Nd7 22. Qe3 c4 23. bxc4 bxc4 24. Bb1 Bd4 25. Qe2 c3 26. h5 Be5 27. Kh2 Bf4 28.
Rc2 Ne5 29. hxg6 hxg6 30. Kh1 Qb5 31. Qxb5 axb5 32. Ne2 Bd2 33. Rf1 b4 34. Nd4
Nc4 35. Nb5 Rb7 36. a4 Ra8 37. Ba2 Na3 38. Nxa3 bxa3 39. Rd1 Rxa4 40. Rcxd2
cxd2 41. Rxd2 Rb2 42. Rxb2 axb2 0-1

[Event "XVII Open B"]
[Site "Crema ITA"]
[Date "2016.09.03"]
[Round "3"]
[White "Tiraboschi, Nicolo'"]
[Black "Battagin, Mose'"]
[WhiteElo "1723"]
[BlackElo "1788"]
[Result "1/2-1/2"]
[PlyCount "134"]
[EventDate "2016.09.02"]

1. c4 e5 2. Nc3 Nc6 3. g3 Nf6 4. Bg2 Bc5 5. e3 O-O 6. Nge2 Re8 7. O-O d6 8. d4
Bb6 9. a3 a5 10. Nd5 Nxd5 11. cxd5 Ne7 12. h3 Bd7 13. a4 c6 14. dxc6 Nxc6 15.
d5 Nb4 16. Nc3 Rc8 17. Ra3 Rf8 18. e4 Bc5 19. Be3 Bxe3 20. fxe3 Qg5 21. Rf3 Qh6
22. g4 Qg5 23. Nb5 Bxb5 24. axb5 b6 25. Rc3 Qe7 26. Qe2 Rc7 27. Rf1 Rfc8 28.
Rfc1 Na2 29. Rxc7 Rxc7 30. Rc6 Rxc6 31. dxc6 Nb4 32. Qc4 Qc7 33. Bf1 Kf8 34.
Be2 Ke8 35. Bd1 Kd8 36. Bb3 d5 37. exd5 e4 38. Kg2 Qe5 39. Qd4 Nd3 40. Qxb6+
Ke7 41. d6+ Qxd6 42. Qb7+ Kd8 43. Qa8+ Ke7 44. Qa7+ Kd8 45. Qxa5+ Ke7 46. Qa3
Nc5 47. Qa7+ Kd8 48. Qa8+ Kc7 49. Qa3 g5 50. Qa7+ Kd8 51. c7+ Qxc7 52. Qxc7+
Kxc7 53. Bxf7 Kb6 54. Bc4 Na4 55. b3 Nc3 56. Kf2 Nxb5 57. Bg8 h6 58. Ke2 Kc5
59. Kd2 Kb4 60. Kc2 Nc3 61. Bh7 Nd5 62. Kd2 Nc3 63. Bg8 Nb5 64. Bd5 Nc3 65. Bc4
Na2 66. Kc2 Nc3 67. Kc1 Na2+ 1/2-1/2

[Event "XVII Open B"]
[Site "Crema ITA"]
[Date "2016.09.03"]
[Round "3"]
[White "Zucchetti, Gregorio"]
[Black "Folcini, Gaddo"]
[WhiteElo "1389"]
[BlackElo "1570"]
[Result "0-1"]
[PlyCount "62"]
[EventDate "2016.09.02"]

1. Nf3 e5 2. Nxe5 Nc6 3. Nxc6 dxc6 4. e3 Nf6 5. Be2 Bd6 6. Nc3 h5 7. h4 Qe7 8.
d4 Ng4 9. Bf3 Bd7 10. Ne2 Nh2 11. Ng1 Qxh4 12. Qe2 Nxf3+ 13. Nxf3 Qxh1+ 14. Qf1
Qxf1+ 15. Kxf1 O-O-O 16. c3 h4 17. Ng5 Rh5 18. Nxf7 Rf8 19. Nxd6+ cxd6 20. Kg1
h3 21. f3 hxg2 22. Kxg2 Rh3 23. f4 Rfh8 24. Bd2 Rh2+ 25. Kf3 Rxd2 26. Rg1 Rhh2
27. Rxg7 d5 28. Rg8+ Kc7 29. Rf8 Rdf2+ 30. Kg3 Rfg2+ 31. Kf3 Bg4# 0-1

[Event "XVII Open B"]
[Site "Crema ITA"]
[Date "2016.09.03"]
[Round "4"]
[White "Acunzo, Domenico"]
[Black "Raimondi, Celso"]
[WhiteElo "1730"]
[BlackElo "1623"]
[Result "0-1"]
[PlyCount "66"]
[EventDate "2016.09.02"]

1. e4 c5 2. Nf3 d6 3. c3 Nf6 4. Be2 e6 5. Bd3 Qc7 6. O-O a6 7. a4 Nc6 8. Qe2
Na5 9. Bc2 c4 10. d4 cxd3 11. Qxd3 e5 12. Bg5 Nd7 13. Nbd2 Nc5 14. Qe3 Ne6 15.
Bh4 h6 16. Bg3 Be7 17. Qe2 Bd7 18. Bd3 O-O 19. b4 Nc6 20. Rfc1 Ng5 21. h3 Nxf3+
22. Nxf3 Bf6 23. Bh4 Qd8 24. Bxf6 Qxf6 25. Qe3 Qd8 26. b5 axb5 27. axb5 Rxa1
28. Rxa1 Na5 29. Ra3 b6 30. Nd2 Be6 31. f4 exf4 32. Qxf4 Qc7 33. Nf3 Qc5+ 0-1

[Event "XVII Open B"]
[Site "Crema ITA"]
[Date "2016.09.03"]
[Round "4"]
[White "Avathanshu, Bhat"]
[Black "Bonoldi, Fabio"]
[WhiteElo "1293"]
[BlackElo "1838"]
[Result "1/2-1/2"]
[PlyCount "75"]
[EventDate "2016.09.02"]

1. e4 d6 2. d4 Nf6 3. Nc3 g6 4. Nf3 Bg7 5. Bc4 O-O 6. Be3 c6 7. Qd2 b5 8. Bb3
a5 9. a3 Qc7 10. Qd3 Nbd7 11. O-O Ba6 12. Ne2 b4 13. Bc4 Bxc4 14. Qxc4 bxa3 15.
Rxa3 Nxe4 16. Rfa1 Nef6 17. Qa2 Nd5 18. Bd2 Rfb8 19. b3 c5 20. Rxa5 Rxa5 21.
Qxa5 Qb7 22. Be3 Nxe3 23. fxe3 e5 24. dxe5 Nxe5 25. Nxe5 Bxe5 26. Ra4 Qd5 27.
Qe1 Qe6 28. Nf4 Qf5 29. Qd2 Re8 30. Nd5 Kg7 31. Rh4 h5 32. Ra4 Qd7 33. Nb6 Qc6
34. Nd5 Qd7 35. Qf2 Qc6 36. Qd2 Qd7 37. Nb6 Qc6 38. Nd5 1/2-1/2

[Event "XVII Open B"]
[Site "Crema ITA"]
[Date "2016.09.03"]
[Round "4"]
[White "Battagin, Mose'"]
[Black "Andolfatto, Maria"]
[WhiteElo "1788"]
[BlackElo "1772"]
[Result "0-1"]
[PlyCount "138"]
[EventDate "2016.09.02"]

1. e4 c6 2. d3 d5 3. Nd2 e5 4. Ngf3 Bd6 5. g3 Nf6 6. Bg2 O-O 7. O-O Be6 8. b3
Nbd7 9. Bb2 Bg4 10. h3 Bh5 11. Qe1 Qc7 12. Nh4 a5 13. a3 b5 14. Nf5 Bg6 15.
Nxd6 Qxd6 16. Rd1 Rac8 17. Qe2 h6 18. Rfe1 Rfe8 19. Qf3 Nh7 20. h4 Nhf6 21. Bh3
Rcd8 22. Bf5 Nc5 23. Bxg6 fxg6 24. exd5 cxd5 25. Qe2 e4 26. dxe4 Ncxe4 27. Nxe4
Nxe4 28. Qxb5 Qf8 29. Rf1 Qf3 30. Qd3 Qg4 31. Qd4 Rd7 32. Kg2 Rf8 33. Rd3 g5
34. hxg5 Qxg5 35. Qe5 Qg6 36. Rxd5 Rdf7 37. Bd4 Rf3 38. Rd7 Nf6 39. Ra7 Nh5 40.
Qd5+ Kh8 41. Qxf3 Rxf3 42. Kxf3 Qf5+ 43. Kg2 Qe4+ 44. Kg1 Qxd4 45. Ra8+ Kh7 46.
Kh2 Nf6 47. Rxa5 Ng4+ 48. Kg2 Qd2 49. Rc5 Ne3+ 50. Kg1 Nxf1 51. Kxf1 Qc1+ 52.
Kg2 Qxa3 53. Rc4 Qa8+ 54. Kg1 Qd5 55. Kh2 Kg6 56. Kg1 h5 57. Kh2 Kh6 58. c3 Qf3
59. Rf4 Qxc3 60. b4 Qd3 61. Kg2 Qb5 62. Kg1 g5 63. Re4 g4 64. Rf4 Kg5 65. Rd4
h4 66. gxh4+ Kxh4 67. Kg2 Qc6+ 68. Kh2 Qf6 69. Rd2 Qf4+ 0-1

[Event "XVII Open B"]
[Site "Crema ITA"]
[Date "2016.09.03"]
[Round "4"]
[White "Caccia, Mathias"]
[Black "Persico, Lorenzo"]
[WhiteElo "1698"]
[BlackElo "1573"]
[Result "1-0"]
[PlyCount "127"]
[EventDate "2016.09.02"]

1. c4 c5 2. b3 Nc6 3. Bb2 d5 4. cxd5 Qxd5 5. Nf3 Nf6 6. e3 Bg4 7. Nc3 Qd7 8.
Be2 e6 9. h3 Bf5 10. Rc1 Be7 11. Na4 b6 12. O-O O-O 13. d4 cxd4 14. Nxd4 Nxd4
15. Qxd4 Qxd4 16. Bxd4 Rac8 17. Ba6 Rxc1 18. Rxc1 Nd5 19. Bb7 Bd6 20. Bxd5 exd5
21. Rc6 Bb8 22. Kf1 Rc8 23. Rxc8+ Bxc8 24. Ke2 g6 25. Nc3 Bb7 26. b4 Kf8 27.
Kf3 Bc6 28. a4 Bd6 29. b5 Bb7 30. Ke2 Ke7 31. a5 Bb4 32. axb6 axb6 33. Na4 Bc5
34. Bxc5+ bxc5 35. Nxc5 Bc8 36. b6 Kd6 37. b7 Bxb7 38. Nxb7+ Ke5 39. Kd3 f5 40.
Nc5 f4 41. exf4+ Kxf4 42. Kd4 h5 43. Kxd5 h4 44. Ne6+ Kf5 45. Nd4+ Kf4 46. Nf3
g5 47. Nxg5 Kxg5 48. Ke5 Kh5 49. Kf5 Kh6 50. Kg4 Kg6 51. Kxh4 Kh6 52. f4 Kg6
53. g4 Kh6 54. Kg3 Kg6 55. h4 Kh6 56. f5 Kg7 57. g5 Kh7 58. f6 Kg6 59. Kg4 Kh7
60. Kf5 Kg8 61. Kg6 Kh8 62. Kf7 Kh7 63. g6+ Kh8 64. g7+ 1-0

[Event "XVII Open B"]
[Site "Crema ITA"]
[Date "2016.09.03"]
[Round "4"]
[White "Colombo, Luca"]
[Black "Mapelli, Davide"]
[WhiteElo "1803"]
[BlackElo "1735"]
[Result "1/2-1/2"]
[PlyCount "70"]
[EventDate "2016.09.02"]

1. e4 e5 2. Nf3 Nc6 3. Bb5 f5 4. d3 fxe4 5. dxe4 Nf6 6. O-O d6 7. Nc3 Be7 8.
Bc4 Bg4 9. h3 Bh5 10. Be3 Qd7 11. Be2 Bg6 12. Nd2 O-O 13. Bg5 Nd4 14. Bc4+ Bf7
15. Bxf7+ Rxf7 16. Be3 Ne6 17. Nf3 Qc6 18. Qd3 Nh5 19. Qd5 Nef4 20. Qxc6 bxc6
21. Kh2 Raf8 22. Ng1 d5 23. Bxf4 Nxf4 24. f3 d4 25. Nce2 Ne6 26. Rad1 c5 27. c4
Rb8 28. b3 a5 29. Rd3 Nd8 30. f4 Nc6 31. Nf3 exf4 32. g3 fxg3+ 33. Nxg3 Bd6 34.
Kg2 g6 35. Re1 Be5 1/2-1/2

[Event "XVII Open B"]
[Site "Crema ITA"]
[Date "2016.09.03"]
[Round "4"]
[White "Colonetti, Fabio"]
[Black "Magnani, Carlo"]
[WhiteElo "1848"]
[BlackElo "1774"]
[Result "1/2-1/2"]
[PlyCount "48"]
[EventDate "2016.09.02"]

1. e4 c6 2. d4 d5 3. f3 dxe4 4. fxe4 Nf6 5. Nc3 Bg4 6. Be2 Bxe2 7. Ngxe2 e6 8.
O-O Be7 9. Ng3 O-O 10. e5 Ne8 11. Nce4 f5 12. Nf2 c5 13. c3 Nc6 14. Ne2 cxd4
15. cxd4 Nc7 16. Nh3 Qd7 17. Nhf4 Rad8 18. Be3 Nd5 19. Nxd5 Qxd5 20. Kh1 Qd7
21. Qe1 Nb4 22. Qf2 Rc8 23. Nc3 Nd5 24. Nxd5 Qxd5 1/2-1/2

[Event "XVII Open B"]
[Site "Crema ITA"]
[Date "2016.09.03"]
[Round "4"]
[White "Cremonese, Giuseppina"]
[Black "Biava, Pierluigi"]
[WhiteElo "1156"]
[BlackElo "1653"]
[Result "0-1"]
[PlyCount "60"]
[EventDate "2016.09.02"]

1. e4 g6 2. Nf3 b6 3. Bc4 e6 4. O-O Bg7 5. d4 Ne7 6. Bf4 d6 7. Nc3 a6 8. Re1 h6
9. a4 Bb7 10. Qd2 Qd7 11. b3 Nbc6 12. Ra2 g5 13. Bg3 g4 14. Nh4 Bxd4 15. Ne2
Be5 16. Qe3 Bxg3 17. Nxg3 Ne5 18. Nh5 O-O-O 19. Nf6 Qc6 20. Qc3 Nxc4 21. bxc4
Qc5 22. Nxg4 Qg5 23. Qg3 Rdg8 24. Nf3 Qxg4 25. Qxg4 Rxg4 26. h3 Rxe4 27. Rb1
Rxc4 28. Ne1 Nd5 29. Rb3 Nf4 30. Rg3 Ne2+ 0-1

[Event "XVII Open B"]
[Site "Crema ITA"]
[Date "2016.09.03"]
[Round "4"]
[White "Ferrari, Paolo"]
[Black "Silini, Bruno"]
[WhiteElo "1690"]
[BlackElo "1572"]
[Result "1-0"]
[PlyCount "147"]
[EventDate "2016.09.02"]

1. d4 Nf6 2. Nf3 e6 3. c4 c5 4. Nc3 cxd4 5. Nxd4 a6 6. e4 Bb4 7. Qc2 d5 8. cxd5
exd5 9. exd5 Bxc3+ 10. Qxc3 Nxd5 11. Qb3 O-O 12. Be2 Nf6 13. Be3 Qd5 14. O-O
Nbd7 15. Rac1 Qxb3 16. Nxb3 Nd5 17. Bd4 N7f6 18. Bf3 Bg4 19. Bxg4 Nxg4 20. Rc5
Ngf6 21. Bxf6 Nxf6 22. Rc7 b5 23. Rc6 Rfe8 24. Nd4 h6 25. Rfc1 Re4 26. Nf3 Re2
27. R1c2 Rae8 28. Kf1 Rxc2 29. Rxc2 Re4 30. Rc6 Re6 31. Rc5 Rd6 32. Ke2 Re6+
33. Kf1 Rd6 34. b3 Ne4 35. Rc8+ Kh7 36. Ke2 Re6 37. Kf1 Rd6 38. a4 bxa4 39.
bxa4 Nd2+ 40. Nxd2 Rxd2 41. Rc6 Rd1+ 42. Ke2 Ra1 43. Rxa6 Ra2+ 44. Kf3 Ra3+ 45.
Kf4 g5+ 46. Kg4 Ra2 47. f3 Rxg2+ 48. Kh3 Ra2 49. Ra8 f5 50. a5 Kg6 51. a6 Ra3
52. Kg3 Kh5 53. a7 f4+ 54. Kg2 Ra2+ 55. Kh3 Ra3 56. Kg2 Ra2+ 57. Kf1 Ra3 58.
Kg2 Kh4 59. Rh8 Ra2+ 60. Kf1 Ra1+ 61. Kf2 Ra2+ 62. Ke1 Ra1+ 63. Kd2 Ra2+ 64.
Kc1 h5 65. a8=Q Rxa8 66. Rxa8 Kh3 67. Ra2 g4 68. fxg4 hxg4 69. Kd1 g3 70. hxg3
fxg3 71. Ke1 g2 72. Kf2 Kh2 73. Ra1 Kh3 74. Ra4 1-0

[Event "XVII Open B"]
[Site "Crema ITA"]
[Date "2016.09.03"]
[Round "4"]
[White "Folcini, Gaddo"]
[Black "Borboni, Paolo"]
[WhiteElo "1570"]
[BlackElo "1729"]
[Result "0-1"]
[PlyCount "84"]
[EventDate "2016.09.02"]

1. d4 d5 2. Nf3 Nf6 3. Nbd2 Bf5 4. Ne5 Nbd7 5. Ndf3 e6 6. Bg5 Be7 7. e3 c6 8.
h3 Nxe5 9. Nxe5 Ne4 10. Bxe7 Qxe7 11. g4 Bg6 12. h4 h6 13. Bd3 O-O-O 14. c3 Bh7
15. Qa4 Kb8 16. Qb3 Ka8 17. Rh2 f6 18. Nf3 Nc5 19. dxc5 Bxd3 20. O-O-O Be2 21.
Rd4 Bxf3 22. Qa3 b5 23. Rh3 e5 24. Rb4 e4 25. Rb3 Bxg4 26. Rh1 Bf3 27. Rg1 g5
28. Qb4 Qc7 29. a4 Rb8 30. Kc2 Qe5 31. Qa3 Qc7 32. Qb4 bxa4 33. Qxa4 Rxb3 34.
Qxb3 Qb7 35. Qa3 Qb5 36. Ra1 Qd3+ 37. Kb3 Rb8+ 38. Ka2 Bd1 39. b4 Qc2+ 40. Qb2
Qxb2+ 41. Kxb2 Bf3 42. hxg5 hxg5 0-1

[Event "XVII Open B"]
[Site "Crema ITA"]
[Date "2016.09.03"]
[Round "4"]
[White "Forti, Francesco"]
[Black "Annicchiarico, Luigi"]
[WhiteElo "1704"]
[BlackElo "1804"]
[Result "1/2-1/2"]
[PlyCount "70"]
[EventDate "2016.09.02"]

1. d4 e6 2. c4 d5 3. Nc3 f5 4. Nf3 c6 5. b3 Nf6 6. Bb2 Bd6 7. e3 Nbd7 8. Bd3
O-O 9. Qc2 Ne4 10. Nd2 Qh4 11. Nf3 Qe7 12. O-O-O Ndf6 13. h3 Nxc3 14. Bxc3 Ne4
15. Bb2 a5 16. Ne5 Bd7 17. f3 Ng5 18. e4 fxe4 19. fxe4 Bxe5 20. dxe5 Nxe4 21.
Bxe4 dxe4 22. Rhe1 Be8 23. Qxe4 Qg5+ 24. Rd2 Rd8 25. Bc3 Bg6 26. Qe2 Rxd2 27.
Qxd2 Qxd2+ 28. Kxd2 Rf2+ 29. Re2 Rxe2+ 30. Kxe2 a4 31. bxa4 Kf7 32. Ke3 Ke7 33.
Kd4 Kd7 34. Kc5 Bd3 35. Kb6 Kc8 1/2-1/2

[Event "XVII Open B"]
[Site "Crema ITA"]
[Date "2016.09.03"]
[Round "4"]
[White "Galli, Fabrizio"]
[Black "Zucchetti, Gregorio"]
[WhiteElo "1435"]
[BlackElo "1389"]
[Result "1-0"]
[PlyCount "49"]
[EventDate "2016.09.02"]

1. d4 e6 2. Nf3 Nf6 3. e3 d5 4. Nbd2 Be7 5. Bd3 O-O 6. O-O Nc6 7. c3 Qd6 8. e4
dxe4 9. Nxe4 Nxe4 10. Bxe4 Rb8 11. Re1 b6 12. Bc2 Bb7 13. Qd3 g6 14. Qe3 Qd5
15. Be4 Qh5 16. Qf4 Bd6 17. Qf6 Ne7 18. Bf4 Nd5 19. Bxd5 Bxd5 20. Re3 Rfe8 21.
Be5 Bxe5 22. Nxe5 g5 23. Rg3 g4 24. Rxg4+ Kf8 25. Nd7# 1-0

[Event "XVII Open B"]
[Site "Crema ITA"]
[Date "2016.09.03"]
[Round "4"]
[White "Gorini, Michele"]
[Black "Paniga, Danilo"]
[WhiteElo "1604"]
[BlackElo "1764"]
[Result "1/2-1/2"]
[PlyCount "124"]
[EventDate "2016.09.02"]

1. Nf3 f5 2. b3 Nf6 3. Bb2 g6 4. c4 Bg7 5. g3 O-O 6. Bg2 d6 7. d4 Qe8 8. Nbd2
Nc6 9. d5 Nb8 10. O-O Na6 11. Ng5 h6 12. Ne6 Bxe6 13. dxe6 c6 14. Nf3 Nc7 15.
Nd4 Qc8 16. Rb1 Nxe6 17. Nf3 Nd8 18. Qd2 Nf7 19. Qd3 e5 20. Nh4 Kh7 21. e4 Nxe4
22. Bxe4 fxe4 23. Qxe4 Qe6 24. f4 Rae8 25. f5 gxf5 26. Nxf5 Qg6 27. Qe3 Ng5 28.
Nxg7 Kxg7 29. Rbd1 Rxf1+ 30. Rxf1 Qe4 31. Qxe4 Nxe4 32. Re1 Ng5 33. Rd1 Re6 34.
Rxd6 Kf6 35. Rd7 b5 36. c5 a5 37. a3 b4 38. axb4 axb4 39. Rb7 Ne4 40. Rxb4 Nxc5
41. Rh4 Kg6 42. b4 Nd3 43. Bc3 e4 44. Kg2 e3 45. Rd4 Nc1 46. Rd1 Na2 47. Be1
Re4 48. Kf3 Kf5 49. Ra1 Nxb4 50. Bxb4 Rxb4 51. Rc1 e2 52. Kxe2 Re4+ 53. Kf3 Re6
54. Rc5+ Kf6 55. g4 Kg6 56. h4 Kf7 57. Kf4 Rg6 58. g5 hxg5+ 59. hxg5 Rd6 60.
Ke5 Rd5+ 61. Rxd5 cxd5 62. Kxd5 Kg6 1/2-1/2